The official Patient’s sourcebook On Seizures and Epilepsy (E-BOOK) (Record no. 191675)
[ view plain ]
| 000 -LEADER | |
|---|---|
| fixed length control field | 00561 a2200169 4500 |
| 003 - CONTROL NUMBER IDENTIFIER | |
| control field | Nust |
| 005 - DATE AND TIME OF LATEST TRANSACTION | |
| control field | 20170207154021.0 |
| 022 ## - INTERNATIONAL STANDARD SERIAL NUMBER | |
| International Standard Serial Number | 0-597-83535-7 |
| 040 ## - CATALOGING SOURCE | |
| Transcribing agency | Nust |
| 100 ## - MAIN ENTRY--PERSONAL NAME | |
| Personal name | N. Parker, James |
| 245 ## - TITLE STATEMENT | |
| Title | The official Patient’s sourcebook On Seizures and Epilepsy (E-BOOK) |
| Statement of responsibility, etc. | James N. Parker |
| 260 ## - PUBLICATION, DISTRIBUTION, ETC. | |
| Place of publication, distribution, etc. | ICON Group International, Inc. |
| Name of publisher, distributor, etc. | USA |
| Date of publication, distribution, etc. | 2003 |
| 300 ## - PHYSICAL DESCRIPTION | |
| Extent | 385 p |
| 505 ## - FORMATTED CONTENTS NOTE | |
| Formatted contents note | Part 1: The Essentials 7 Part 2: Additional Resources And Advanced Material 113 Part 3. Appendices 241 |
| 650 ## - SUBJECT ADDED ENTRY--TOPICAL TERM | |
| Topical term or geographic name entry element | Seizures and Epilepsy-Popular works |
| 651 ## - SUBJECT ADDED ENTRY--GEOGRAPHIC NAME | |
| Geographic name | E-BOOK |
| 942 ## - ADDED ENTRY ELEMENTS (KOHA) | |
| Source of classification or shelving scheme | |
| Koha item type | Book |
| Withdrawn status | Lost status | Source of classification or shelving scheme | Damaged status | Not for loan | Collection code | Permanent Location | Current Location | Date acquired | Total Checkouts | Barcode | Date last seen | Price effective from | Koha item type |
|---|---|---|---|---|---|---|---|---|---|---|---|---|---|
| Military College of Signals (MCS) | Military College of Signals (MCS) | 12/12/2016 | MCSEB-917 | 12/08/2016 | 12/12/2016 | Book |
